000
00288nam a22001337a 4500
008
190205b xxu||||| |||| 00| 0 eng d
020
_a
0226895394
041
_a
eng
080
_a
316
100
_a
50
101
_a
SOC
245
_a
Street Corner Society
_c
Whyte, W.F
942
_2
udc
_c
BK
999
_c
53964
_d
53964